W Mieszkaniu na literę "P" - Statystyki

Ogólne statystyki
  • Ten quiz został rozwiązany 63 razy
  • Średni wynik to 2 z 9
Statystyki odpowiedzi
Odpowiedź % Poprawnych
Pralka
69%
Pościel
37%
Parasol
33%
Patelnia
27%
Prysznic
23%
Piwo
19%
Pufa
13%
Pantofle
10%
Pończochy
4%
Nie znaleziono quizów pasujących do podanych kryteriów
Rozkład punktacji
Procent ludzi z każdym wynikiem
Percentyl według liczby udzielonych odpowiedzi
Twoja historia wyników
Nie rozwiązałeś tego quizu